| 000 | 00952nam a22002177a 4500 | ||
|---|---|---|---|
| 999 |
_c22694 _d22694 |
||
| 003 | OSt | ||
| 005 | 20230810094755.0 | ||
| 008 | 230810b ||||| |||| 00| 0 eng d | ||
| 040 |
_aMunicipalidad Provincial del Cusco _bspa _cBiblioteca Municipal del Cusco |
||
| 082 |
_a929 / _bT12 |
||
| 100 |
_aTacuri Tinta, Máximo Elías _948879 |
||
| 245 |
_aApellido Tacuri : / _bOrigen: "Atoq Takuri" / _cMáximo Elías Tacuri Tinta |
||
| 250 |
_aCusco: _bGrupo Editora Aquarela S.A.C., 2022 |
||
| 260 |
_aCusco: _bGrupo Editora Aquarela S.A.C., _c2022 |
||
| 300 |
_a240 páginas ; _bil. col.; diagrs. ; mapas ; retratos ; _c20.3 cm. |
||
| 505 | _aIntroducción -- Sobre la investigación de la biografía de Atoq -- Sobre la correcta escritura y pronunciación del quechua -- Sobre el valle del Watanay -- Cronología histórica de los inkas | ||
| 650 | 0 |
_925537 _aInkas - Cusco |
|
| 650 | 0 |
_92063 _aQuechua. |
|
| 942 |
_2ddc _cLIBROS |
||
| 945 |
_avcp _d2023-08-10 |
||